000 02042cam a22004814i 4500
003 PE-LiUPU
005 20250731173100.0
008 150623s r 000 0 d
020 _a0830819401
035 _a(Sirsi) i9780830819409
040 _aPE-LiUPU
_bspa
_cPE-LiUPU
_erda
049 _aPRUA
100 1 _aStrauss, Mark L.,
_eautor.
245 1 0 _aDistorting scripture? :
_bthe challenge of Bible translation & gender accuracy /
_cMark L. Strauss.
264 1 _aDowners Grove, Illinois :
_bInterVarsit Press,
_c1998.
300 _a240 páginas ;
_c21 centímetros
336 _atext
_2rdacontent
337 _aunmediated
_2rdamedia
338 _avolume
_2rdacarrier
504 _aIncluye bibliografía.
505 0 _aSurvey of Bible versions. -The gender-inclusive versions. -The feminist versions. -Critique. -What is a Bible translation?. -Inclusive language related to human beings: generic "man" and "he". -Inclusive today related to human beings: other generic terms. -Language related to God & to to Jesus Christ.
526 _aSEG42
526 _aSEG41
526 _aSEG40
526 _aSEG39
526 _aP94
526 _aP87
526 _aP86
526 _aP85
526 _aP77
526 _aP76
526 _aP35
650 0 4 _aVersiones de la biblia.
942 _2ddc
_cBOOK
949 _a220.52001 S83
_wDEWEY
_c1
_i48826
_lCCODEBUL1
_mBUL
_r0
_sY
_tBOOK
_u2015-6-24
_xTEOLOGIA
_zUNKNOWN
_0COMPRA
_o.STAFF. Colección General
949 _a220.52001 S83
_wDEWEY
_c2
_i50770
_lCCODEBUL1
_mBUL
_r0
_sY
_tBOOK
_u2015-6-24
_xTEOLOGIA
_PP35
_0COMPRA
_o.STAFF. Colección General
994 _aC0
_bPEPRU
596 _a1
999 _a220.52001 S83
_wDEWEY
_c27987
_i48826
_f2021-11-9
_g5
_lCCODEBUL1
_mBUL
_r0
_sY
_tBOOK
_u2015-6-24
_xTEOLOGIA
_zUNKNOWN
_0COMPRA
_o.STAFF. Colección General
_d27987
999 _a220.52001 S83
_wDEWEY
_c2
_i50770
_f2021-11-9
_g5
_lCCODEBUL1
_mBUL
_r0
_sY
_tBOOK
_u2015-6-24
_xTEOLOGIA
_PP35
_0COMPRA
_o.STAFF. Colección General
980 _81
_gALBERTO SANCHEZ Responsable de Automatización